| 000 | 00420nam a2200145Ia 4500 | ||
|---|---|---|---|
| 008 | 221007s9999 xx 000 0 und d | ||
| 041 | _aeng | ||
| 082 | _bAKA | ||
| 100 |
_aAkanksha Rukari - 2k151107; Geeta Jadhav - Guide & Desai Brothers Ltd. _9105105 |
||
| 245 | _aEmployee Engagement At Mothers Recipe | ||
| 260 |
_c2015 _bSavitribai Phule Pune University _aPune |
||
| 300 | _a60p | ||
| 440 | _v1 | ||
| 906 | _bGeneral | ||
| 999 |
_c80005 _d80005 |
||